000 00732nam a2200253Ia 4500
003 OSt
005 20220923230631.0
006 a|||||r|||| 00| 0
007 ta
008 220922b |||||||| |||| 00| 0 hin d
024 _a285,761
037 _cTextual
040 _aARTS
_cARTS
_bhin
041 _2hin
_ahin
082 _aR693x7,1, L0;1
100 _aजैनेन, जगदीशचन्द्र
245 0 _aस्याद्वादमजरी
246 _aSyādvādamajarī
260 _c1979
300 _a352i
_ccm.
650 _aभारतीय दर्शन
942 _hR693x7,1, L0;1
_cTEXL
_2CC
999 _c386179
_d386179